000 00431nam a2200157Ia 4500
003 GCL
008 140319s9999 xx 000 0 ara d
040 _aGCL /
_cGCL
082 0 4 _a813.03
_bى ن
100 1 _aيوسف السباعى
245 1 0 _aنائب عزرائيل /
_cيوسف السباعى
300 _a184 ص
490 _aروائع الادب العربى
_v0
650 0 4 _aالادب العربى
942 _2ddc
_cBK
999 _c39217
_d39217